[Event "Reykjavik Kvika op"]
[Site "Reykjavik"]
[Date "2022.04.09"]
[Round "5"]
[White "Bulacio, Juan Manuel"]
[Black "Jaivardhan, Raja Pilla"]
[Result "0-1"]
[WhiteElo "1636"]
[BlackElo "2006"]
[PlyCount "118"]
[EventDate "2022.04.06"]
[EventType "swiss"]
[EventRounds "9"]
[EventCountry "ISL"]
[SourceTitle "CBM 207 Extra"]
[Source "ChessBase"]
[SourceDate "2022.05.31"]
[SourceVersion "1"]
[SourceVersionDate "2022.05.31"]
[SourceQuality "1"]

1. e4 c5 2. c3 Nf6 3. e5 Nd5 4. d4 cxd4 5. cxd4 d6 6. Nf3 Nc6 7. Bc4 e6 8. Nc3 Nxc3 9. bxc3 dxe5 10. dxe5 Qa5 11. Qb3 Nxe5 12. Bb5+ Bd7 13. Bxd7+ Nxd7 14. 0-0 Nc5 15. Qc2 Be7 16. Rb1 0-0 17. Be3 Qc7 18. Bd4 b6 19. Rfe1 h6 20. Qe2 Bd6 21. g3 Nd7 22. Rbd1 Rad8 23. Rd3 Nb8 24. Nh4 Rfe8 25. Qg4 f5 26. Qh5 Qf7 27. Qd1 Nc6 28. Bxg7 Qxg7 29. Rxd6 Qxc3 30. Rexe6 Rxe6 31. Rxd8+ Nxd8 32. Qxd8+ Kf7 33. Qd7+ Kf6 34. Qd8+ Ke5 35. Qh8+ Rf6 36. Qe8+ Kd6 37. Qd8+ Kc5 38. Qc7+ Kb4 39. Qe7+ Kb5 40. Qd7+ Qc6 41. Qxa7 Rd6 42. a4+ Kb4 43. Qe7 Kxa4 44. Qe2 Qd5 45. Qc2+ Qb3 46. Qc7 Qd1+ 47. Kg2 Qd5+ 48. Kh3 b5 49. Qc2+ Qb3 50. Qxf5 Qe6 51. g4 Qxf5 52. Nxf5 Rd7 53. Nxh6 Rh7 54. g5 b4 55. Kg4 b3 56. g6 Rxh6 57. Kg5 Rxh2 58. g7 Rg2+ 59. Kh6 b2 0-1